| 000 -LEADER |
| fixed length control field |
01148nam a2200277 4500 |
| 008 - FIXED-LENGTH DATA ELEMENTS--GENERAL INFORMATION |
| fixed length control field |
250528b xxu||||| |||| 00| 0 eng d |
| 040 ## - CATALOGING SOURCE |
| Original cataloging agency |
Cagayan State University |
| Description conventions |
RDA |
| 082 ## - DEWEY DECIMAL CLASSIFICATION NUMBER |
| Classification number |
791.4372 |
| Item number |
L7229 2024 |
| 245 ## - TITLE STATEMENT |
| Title |
Lift 2024 / directed by F., Gary, Gary, ; written by Daniel, Kunka ; produced by Simon, Kinberg (and five others). |
| 260 ## - PUBLICATION, DISTRIBUTION, ETC. (IMPRINT) |
| Place of publication, distribution, etc |
United States : |
| Name of publisher, distributor, etc |
6th & Idaho Motion Picture Company ; |
| -- |
Kinberg Genre Films ; |
| -- |
Hartbeat, |
| Date of publication, distribution, etc |
2024. |
| 300 ## - PHYSICAL DESCRIPTION |
| Extent |
1 videofile (ca. 107 mins.) |
| Other physical details |
sound, color. |
| 520 ## - SUMMARY, ETC. |
| Summary, etc |
A master thief is wooed by his ex-girlfriend and the FBI to pull off an impossible heist with his international crew on a 777 passenger flight from London to Zurich. |
| 650 ## - SUBJECT ADDED ENTRY--TOPICAL TERM |
| Topical term or geographic name as entry element |
Drama. |
| 650 ## - SUBJECT ADDED ENTRY--TOPICAL TERM |
| Topical term or geographic name as entry element |
Action. |
| 700 ## - ADDED ENTRY--PERSONAL NAME |
| Personal name |
Hart, Kevin, star. |
| 700 ## - ADDED ENTRY--PERSONAL NAME |
| Personal name |
Mbatha–Raw, Gugu, star. |
| 700 ## - ADDED ENTRY--PERSONAL NAME |
| Personal name |
D'Onofrio, Vincent, star. |
| 700 ## - ADDED ENTRY--PERSONAL NAME |
| Personal name |
Corberó, Úrsula, star. |
| 700 ## - ADDED ENTRY--PERSONAL NAME |
| Personal name |
Magnussen, Billy, star. |
| 700 ## - ADDED ENTRY--PERSONAL NAME |
| Personal name |
Batalon, Jacob, star. |
| 700 ## - ADDED ENTRY--PERSONAL NAME |
| Personal name |
Reno, Jean, star. |
| 700 ## - ADDED ENTRY--PERSONAL NAME |
| Personal name |
Worthington, Sam, star. |
| 700 ## - ADDED ENTRY--PERSONAL NAME |
| Personal name |
Jasper, Bernhard, cinematographer. |
| 700 ## - ADDED ENTRY--PERSONAL NAME |
| Personal name |
Yeh, William, editor. |
| 942 ## - ADDED ENTRY ELEMENTS (KOHA) |
| Source of classification or shelving scheme |
|
| Item type |
Audio-Visual Materials |